Dilapidations (Record no. 102815)

MARC details
000 -LEADER
fixed length control field 01218cam a2200265 4500
008 - FIXED-LENGTH DATA ELEMENTS--GENERAL INFORMATION
fixed length control field 000000n2002 000 0 eng u
020 ## - INTERNATIONAL STANDARD BOOK NUMBER
International Standard Book Number 1899769544
035 ## - SYSTEM CONTROL NUMBER
System control number (Sirsi) u122290
050 ## - LIBRARY OF CONGRESS CALL NUMBER
Classification number 346.410434
-- 18
100 ## - MAIN ENTRY--PERSONAL NAME
Personal name Hollis, Malcolm
245 ## - TITLE STATEMENT
Title Dilapidations
Remainder of title an introduction - a CPD study pack
250 ## - EDITION STATEMENT
Edition statement 3rd ed.
260 ## - PUBLICATION, DISTRIBUTION, ETC.
Place of publication, distribution, etc. Reading
Name of publisher, distributor, etc. College of Estate Management
Date of publication, distribution, etc. 2002
300 ## - PHYSICAL DESCRIPTION
Extent 74p.
Dimensions 30cm. + 1 audio cassette (ca. 60 min.)
350 ## - PRICE (NR) (BK AM CF MU VM SE) [OBSOLETE]
Price 41
490 ## - SERIES STATEMENT
Series statement College of Estate Management CPD Study Pack
520 ## - SUMMARY, ETC.
Summary, etc. The third edition of this CPD study pack dealing with the liabilities of landlords and tenants of leasehold properties regarding matters of disrepair or deficiencies in such holdings. Explains the common law, contractual and statutory controls and includes brief outlines of relevant cases. Accompanied by the Owlion Audio Tape entitled "Dilapidations update 1998" (J92227) which is available to borrow separately.
520 ## - SUMMARY, ETC.
Summary, etc. 4th edition (ISBN 1904388191) available from the library.
650 ## - SUBJECT ADDED ENTRY--TOPICAL TERM
Topical term or geographic name entry element Dilapidations
9 (RLIN) 6235
650 ## - SUBJECT ADDED ENTRY--TOPICAL TERM
Topical term or geographic name entry element DILAPIDATIONS CLAIMS
650 ## - SUBJECT ADDED ENTRY--TOPICAL TERM
Topical term or geographic name entry element FIXTURES AND FITTINGS
650 ## - SUBJECT ADDED ENTRY--TOPICAL TERM
Topical term or geographic name entry element REPAIRS
690 ## - LOCAL SUBJECT ADDED ENTRY--TOPICAL TERM (OCLC, RLIN)
Topical term or geographic name as entry element LANDLORD AND TENANT-D
942 ## - ADDED ENTRY ELEMENTS (KOHA)
Suppress in OPAC 0
Holdings
Withdrawn status Lost status Source of classification or shelving scheme Damaged status Not for loan Home library Current library Shelving location Date acquired Cost, normal purchase price Total Checkouts Full call number Barcode Date last seen Date last checked out Copy number Cost, replacement price Price effective from Koha item type
    Dewey Decimal Classification     London London Basement 15/05/2003 48.18 25 BASEMENT 6 30067211 06/08/2019 21/09/2009 1 48.18 06/08/2019 Audio